| 000 | 00529nam a2200121Ia 4500 | ||
|---|---|---|---|
| 008 | 220615s9999||||xx |||||||||||||| ||und|| | ||
| 100 | _aBartosik-Velez, Elise | ||
| 245 | 4 |
_aThe Legacy of Christopher Columbus in the Americas _bNew Nations and a Transatlantic Discourse of Empire |
|
| 546 | _aEnglish[eng] | ||
| 650 | _aHistory||United States||History||Caribbean & West Indies||Literary Criticism||Caribbean & Latin American | ||
| 856 | _uhttps://library.oapen.org/bitstream/20.500.12657/46331/1/external_content.pdf | ||
| 942 | _cEB | ||
| 999 |
_c13412 _d13412 |
||